Learn reference work / (Record no. 358065)
[ view plain ]
| 000 -LEADER | |
|---|---|
| fixed length control field | 00673nam a2200253Ia 4500 |
| 003 - CONTROL NUMBER IDENTIFIER | |
| control field | SMC |
| 005 - DATE AND TIME OF LATEST TRANSACTION | |
| control field | 20180928132957.0 |
| 008 - FIXED-LENGTH DATA ELEMENTS--GENERAL INFORMATION | |
| fixed length control field | 180620s9999 xx 000 0 und d |
| 020 ## - INTERNATIONAL STANDARD BOOK NUMBER | |
| International Standard Book Number | 974-8279-64-2 |
| 050 ## - LIBRARY OF CONGRESS CALL NUMBER | |
| Classification number | REF ZA 3150 |
| 050 ## - LIBRARY OF CONGRESS CALL NUMBER | |
| Item number | G67 1999 |
| 100 ## - MAIN ENTRY--PERSONAL NAME | |
| Personal name | Gosling, Mary. |
| 245 #0 - TITLE STATEMENT | |
| Title | Learn reference work / |
| 245 #0 - TITLE STATEMENT | |
| Statement of responsibility, etc | Mary Gosling. |
| 260 ## - PUBLICATION, DISTRIBUTION, ETC. (IMPRINT) | |
| Place of publication, distribution, etc | Bangkok, Thailand : |
| 260 ## - PUBLICATION, DISTRIBUTION, ETC. (IMPRINT) | |
| Name of publisher, distributor, etc | Book Promotion & Service Co., Ltd. |
| 260 ## - PUBLICATION, DISTRIBUTION, ETC. (IMPRINT) | |
| Date of publication, distribution, etc | 1999 |
| 300 ## - PHYSICAL DESCRIPTION | |
| Extent | 152 pages : |
| 300 ## - PHYSICAL DESCRIPTION | |
| Dimensions | 30 cm. |
| 440 ## - SERIES STATEMENT/ADDED ENTRY--TITLE | |
| Title | Library Education Series |
| 500 ## - GENERAL NOTE | |
| General note | Includes bibliographical references and index. |
| 650 ## - SUBJECT ADDED ENTRY--TOPICAL TERM | |
| Topical term or geographic name as entry element | Reference services (Libraries). |
| 942 ## - ADDED ENTRY ELEMENTS (KOHA) | |
| Source of classification or shelving scheme | Library of Congress Classification |
| Koha item type | Books |
| Withdrawn status | Lost status | Source of classification or shelving scheme | Damaged status | Home library | Current library | Shelving location | Date acquired | Source of acquisition | Cost, normal purchase price | Total Checkouts | Full call number | Barcode | Date last seen | Price effective from | Koha item type |
|---|---|---|---|---|---|---|---|---|---|---|---|---|---|---|---|
| Library of Congress Classification | South Mansfield College | South Mansfield College | Reference Section | 09/19/2006 | Donation | 425.00 | REF ZA 3150 .G67 1999 | SMC03350 | 06/20/2018 | 06/20/2018 | Books |